<?xml version="1.0" encoding="UTF-8"?><marc:collection xmlns:marc="http://www.loc.gov/MARC21/slim">
  <marc:record>
    <marc:leader>00000nam  2200000za 4500</marc:leader>
    <marc:controlfield tag="001">9.800549</marc:controlfield>
    <marc:controlfield tag="003">CaOODSP</marc:controlfield>
    <marc:controlfield tag="005">20240612102702</marc:controlfield>
    <marc:controlfield tag="007">cr |||||||||||</marc:controlfield>
    <marc:controlfield tag="008">150507s2015    xxc|||||o    f|0| 0 fre d</marc:controlfield>
    <marc:datafield tag="020" ind1=" " ind2=" ">
      <marc:subfield code="a">978-0-662-03890-0</marc:subfield>
    </marc:datafield>
    <marc:datafield tag="040" ind1=" " ind2=" ">
      <marc:subfield code="a">CaOODSP</marc:subfield>
      <marc:subfield code="b">fre</marc:subfield>
    </marc:datafield>
    <marc:datafield tag="043" ind1=" " ind2=" ">
      <marc:subfield code="a">n-cn---</marc:subfield>
    </marc:datafield>
    <marc:datafield tag="086" ind1="1" ind2=" ">
      <marc:subfield code="a">PS38-49/2015F-PDF</marc:subfield>
    </marc:datafield>
    <marc:datafield tag="245" ind1="0" ind2="0">
      <marc:subfield code="a">Renseignements à l'intention des personnes détenues en vertu de la Loi sur l'immigration et la protection des réfugiés </marc:subfield>
      <marc:subfield code="h">[ressource électronique].</marc:subfield>
    </marc:datafield>
    <marc:datafield tag="260" ind1=" " ind2=" ">
      <marc:subfield code="a">[Ottawa] : </marc:subfield>
      <marc:subfield code="b">Agence des services frontaliers du Canada, </marc:subfield>
      <marc:subfield code="c">2015.</marc:subfield>
    </marc:datafield>
    <marc:datafield tag="300" ind1=" " ind2=" ">
      <marc:subfield code="a">5 p.</marc:subfield>
    </marc:datafield>
    <marc:datafield tag="500" ind1=" " ind2=" ">
      <marc:subfield code="a">Publié aussi en anglais sous le titre : Information for people detained under the Immigration and Refugee Protection Act.</marc:subfield>
    </marc:datafield>
    <marc:datafield tag="692" ind1="0" ind2="7">
      <marc:subfield code="2">gccst</marc:subfield>
      <marc:subfield code="a">Immigrant</marc:subfield>
    </marc:datafield>
    <marc:datafield tag="692" ind1="0" ind2="7">
      <marc:subfield code="2">gccst</marc:subfield>
      <marc:subfield code="a">Réfugié</marc:subfield>
    </marc:datafield>
    <marc:datafield tag="710" ind1="2" ind2=" ">
      <marc:subfield code="a">Agence des services frontaliers du Canada.</marc:subfield>
    </marc:datafield>
    <marc:datafield tag="775" ind1="0" ind2="8">
      <marc:subfield code="t">Information for people detained under the Immigration and Refugee Protection Act </marc:subfield>
      <marc:subfield code="w">(CaOODSP)9.800548</marc:subfield>
    </marc:datafield>
    <marc:datafield tag="775" ind1="0" ind2="8">
      <marc:subfield code="t">[Renseignements à l'intention des personnes détenues en vertu de la Loi sur l'immigration et la protection des réfugiés] </marc:subfield>
      <marc:subfield code="w">(CaOODSP)9.800551</marc:subfield>
    </marc:datafield>
    <marc:datafield tag="775" ind1="0" ind2="8">
      <marc:subfield code="t">[Renseignements à l'intention des personnes détenues en vertu de la Loi sur l'immigration et la protection des réfugiés] </marc:subfield>
      <marc:subfield code="w">(CaOODSP)9.800553</marc:subfield>
    </marc:datafield>
    <marc:datafield tag="775" ind1="0" ind2="8">
      <marc:subfield code="t">[Renseignements à l'intention des personnes détenues en vertu de la Loi sur l'immigration et la protection des réfugiés] </marc:subfield>
      <marc:subfield code="w">(CaOODSP)9.800555</marc:subfield>
    </marc:datafield>
    <marc:datafield tag="775" ind1="0" ind2="8">
      <marc:subfield code="t">[Renseignements à l'intention des personnes détenues en vertu de la Loi sur l'immigration et la protection des réfugiés] </marc:subfield>
      <marc:subfield code="w">(CaOODSP)9.800557</marc:subfield>
    </marc:datafield>
    <marc:datafield tag="775" ind1="0" ind2="8">
      <marc:subfield code="t">[Renseignements à l'intention des personnes détenues en vertu de la Loi sur l'immigration et la protection des réfugiés] </marc:subfield>
      <marc:subfield code="w">(CaOODSP)9.800597</marc:subfield>
    </marc:datafield>
    <marc:datafield tag="775" ind1="0" ind2="8">
      <marc:subfield code="t">[Renseignements à l'intention des personnes détenues en vertu de la Loi sur l'immigration et la protection des réfugiés] </marc:subfield>
      <marc:subfield code="w">(CaOODSP)9.800599</marc:subfield>
    </marc:datafield>
    <marc:datafield tag="775" ind1="0" ind2="8">
      <marc:subfield code="t">[Renseignements à l'intention des personnes détenues en vertu de la Loi sur l'immigration et la protection des réfugiés] </marc:subfield>
      <marc:subfield code="w">(CaOODSP)9.800601</marc:subfield>
    </marc:datafield>
    <marc:datafield tag="775" ind1="0" ind2="8">
      <marc:subfield code="t">[Renseignements à l'intention des personnes détenues en vertu de la Loi sur l'immigration et la protection des réfugiés] </marc:subfield>
      <marc:subfield code="w">(CaOODSP)9.800603</marc:subfield>
    </marc:datafield>
    <marc:datafield tag="775" ind1="0" ind2="8">
      <marc:subfield code="t">[Renseignements à l'intention des personnes détenues en vertu de la Loi sur l'immigration et la protection des réfugiés] </marc:subfield>
      <marc:subfield code="w">(CaOODSP)9.800605</marc:subfield>
    </marc:datafield>
    <marc:datafield tag="775" ind1="0" ind2="8">
      <marc:subfield code="t">[Renseignements à l'intention des personnes détenues en vertu de la Loi sur l'immigration et la protection des réfugiés] </marc:subfield>
      <marc:subfield code="w">(CaOODSP)9.800607</marc:subfield>
    </marc:datafield>
    <marc:datafield tag="775" ind1="0" ind2="8">
      <marc:subfield code="t">[Renseignements à l'intention des personnes détenues en vertu de la Loi sur l'immigration et la protection des réfugiés] </marc:subfield>
      <marc:subfield code="w">(CaOODSP)9.800609</marc:subfield>
    </marc:datafield>
    <marc:datafield tag="775" ind1="0" ind2="8">
      <marc:subfield code="t">[Renseignements à l'intention des personnes détenues en vertu de la Loi sur l'immigration et la protection des réfugiés] </marc:subfield>
      <marc:subfield code="w">(CaOODSP)9.800611</marc:subfield>
    </marc:datafield>
    <marc:datafield tag="775" ind1="0" ind2="8">
      <marc:subfield code="t">[Renseignements à l'intention des personnes détenues en vertu de la Loi sur l'immigration et la protection des réfugiés] </marc:subfield>
      <marc:subfield code="w">(CaOODSP)9.800634</marc:subfield>
    </marc:datafield>
    <marc:datafield tag="775" ind1="0" ind2="8">
      <marc:subfield code="t">[Renseignements à l'intention des personnes détenues en vertu de la Loi sur l'immigration et la protection des réfugiés] </marc:subfield>
      <marc:subfield code="w">(CaOODSP)9.800636</marc:subfield>
    </marc:datafield>
    <marc:datafield tag="856" ind1="4" ind2="0">
      <marc:subfield code="q">PDF</marc:subfield>
      <marc:subfield code="s">526 Ko</marc:subfield>
      <marc:subfield code="u">https://publications.gc.ca/collections/collection_2015/asfc-cbsa/PS38-49-2015-fra.pdf</marc:subfield>
    </marc:datafield>
    <marc:datafield tag="986" ind1=" " ind2=" ">
      <marc:subfield code="a">BSF5012 (F) Rév 13</marc:subfield>
    </marc:datafield>
  </marc:record>
</marc:collection>
